Las tecnologías del lenguaje /

Furkejuvvon:
Bibliográfalaš dieđut
Váldodahkki: Martí Antonín, María Antonia (coord.)
Materiálatiipa: Girji
Giella:espánnjágiella
Almmustuhtton: Barcelona, España : Universidad Abierta de Cataluña, 2003, c2003
Fáttát:
Fáddágilkorat: Lasit fáddágilkoriid
Eai fáddágilkorat, Lasit vuosttaš fáddágilkora!

MARC

LEADER 00000nam^a2200000^a^4500
001 000154743
005 20250521000000.0
009 20260310100404.915
020 |a 84-8429-880-9 
037 |a Acervo ITESO - Biblioteca 
041 |a ESP 
082 |a 006. 35  |b MAR 
100 |a Martí Antonín, María Antonia  |e (coord.) 
245 1 4 |a Las tecnologías del lenguaje /  |c Coord. de M.A. Martí Antonín. 
264 4 |a Barcelona, España :  |b Universidad Abierta de Cataluña,  |c 2003, c2003 
300 |a 295 p. 
336 |a texto  |b txt  |2 rdacontenido 
337 |a sin mediación  |b n  |2 rdamedio 
338 |a volumen  |b nc  |2 rdasoporte 
649 |a XX 
650 |a Hipertexto 
650 |a Traducción e Interpretación 
650 |a Interfaz de Usuario 
650 |a Proceso Electrónico de Datos 
650 |a Sistemas de Información 
650 |a Lenguaje y Lenguas 
650 |a Lingüística 
650 |a Ingeniería Computacional 
910 |a Fondo General 
920 |a Impresos - Libros 
930 |a Colección General 
905 |a 101 
901 |a 0500086348  |b IT1  |c ACC  |u 20250521 
902 |a https://opac.biblio.iteso.mx/vufind/Record/000154743